000 00396nam a2200169Ia 4500
999 _c1658
_d1658
003 OSt
005 20191005142521.0
008 190723s9999 xx 000 0 und d
020 _a9789834708566
040 _cmaju
100 _aDeviga Vengedasalam
245 0 _aPrinciples of Economics
250 _a3rd
260 _aNew york
_bOxford University
_c2013
300 _a388.:p
942 _cBK
_2ddc